00374nam a2200121Ia 4500003000400000005001700004008004100021040001800062041000800080100005100088245008000139260003300219OSt20260130150231.0211028s2018 xx 000 0 und d cAIMIT LIBRARY aeng aBhat B, Suraj Kumar; D Souza, Lestan.g1616203 aStudy on customer satisfaction for hero moto corp at West coast Mangalore / aMangalorebHarinakshi.c2018